Sitcoms an den Figuren erkennen - Statistiken

Allgemein
  • Dieses Quiz wurde 296 mal gespielt
  • Das Durchschnittsergebnis liegt bei 6 aus 15
Antwortstatistiken
Hint Antwort % Korrekt
Penny und die Physiker The Big Bang Theory
88%
Ted, Robin, Marshall, Lilly, Barney How I met your mother
87%
Brian, Stewie,Peter, Lois Family Guy
77%
Onkel Jesse Full House
47%
John Dorian Scrubs
47%
Steve Urkel Alle unter einem Dach
41%
Miss Fine!!!! Die Nanny
38%
Dorothy, Rose, Blanche, Sophia Golden Girls
33%
Tante Vivien Der Prinz von Bel-Air
30%
Salem Saberhagen Sabrina
27%
Jerry, Elaine, George, Kramer Seinfeld
24%
Ray Barone Alle lieben Raymond
18%
Steven, Jackie, Donna, Michael, Eric Die wilden Siebziger
17%
Tony, Angela, Mona Wer ist hier der Boss?
15%
Sam und Diane Cheers
6%
Keine übereinstimmenden Quizze gefunden
Verteilung der Resultate
Anzahl Personen mit jedem Resultat
Perzentil nach korrekt beantworteten Fragen
Ihre Resultats-Entwicklung
Sie haben dieses Quiz noch nicht gespielt